Advice on the cost of buildings at the inception and feasibility stages of design: research report to the Royal Institution of Chartered Surveyors, Research and Information Group of the Quantity Surveyors` Committee (Record no. 87330)

MARC details
000 -LEADER
fixed length control field 00688cam a2200193 4500
001 - CONTROL NUMBER
control field D8881
008 - FIXED-LENGTH DATA ELEMENTS--GENERAL INFORMATION
fixed length control field 090401t1970 xxu||||| |||| 00| 0 eng d
035 ## - SYSTEM CONTROL NUMBER
System control number (Sirsi) u15954
041 ## - LANGUAGE CODE
Language code of text/sound track or separate title eng
050 ## - LIBRARY OF CONGRESS CALL NUMBER
Classification number 692.5
100 ## - MAIN ENTRY--PERSONAL NAME
Personal name Southwell, John
245 ## - TITLE STATEMENT
Title Advice on the cost of buildings at the inception and feasibility stages of design: research report to the Royal Institution of Chartered Surveyors, Research and Information Group of the Quantity Surveyors` Committee
260 ## - PUBLICATION, DISTRIBUTION, ETC.
Place of publication, distribution, etc. Bath
Name of publisher, distributor, etc. University of Technology/School of Archi
Date of publication, distribution, etc. 1970
300 ## - PHYSICAL DESCRIPTION
Extent approx. 230 leaves
350 ## - PRICE (NR) (BK AM CF MU VM SE) [OBSOLETE]
Price 0
520 ## - SUMMARY, ETC.
Summary, etc. Reference copy contains some extra tables
942 ## - ADDED ENTRY ELEMENTS (KOHA)
Suppress in OPAC 0
948 ## - LOCAL PROCESSING INFORMATION (OCLC); SERIES PART DESIGNATOR (RLIN)
c (OCLC) 04/03/1997
Holdings
Withdrawn status Lost status Source of classification or shelving scheme Damaged status Not for loan Home library Current library Shelving location Date acquired Total Checkouts Full call number Barcode Date last seen Date last checked out Copy number Price effective from Koha item type
    Dewey Decimal Classification     London London Basement 14/09/1999 1 SHELF 306 30018322 06/08/2019 11/02/2003 1 06/08/2019 Book